Statistiken für Literatur

Klicken Sie hier um das Quiz zu spielen!

Allgemein

  • Dieses Quiz wurde 62 mal gespielt
  • Das Durchschnittsergebnis liegt bei 14 aus 40

Antwortstatistiken

HintAntwort% Korrekt
Italienische Reise, Hermann und Dorothea, Wandrers NachtliedJohann Wolfgang von Goethe
83%
Der Geisterseher, Die Braut von Messina, Das Lied von der GlockeFriedrich Schiller
76%
Demian, Narziß und Goldmund, Das GlasperlenspielHermann Hesse
76%
Schneewittchen-Party, Die Morde des Herrn ABC, Der Tod auf dem NilAgatha Christie
67%
Frau Jenny Treibel, Stine, Irrungen/WirrungenTheodor Fontane
67%
Der Erwählte, Lotte in Weimar, Der Tod in VenedigThomas Mann
67%
Das Schloss, Briefe an den Vater, Vor dem GesetzFranz Kafka
65%
Leben des Galilei, Der aufhaltsame Aufstieg des Arturo Ui, BaalBertolt Brecht
63%
Der Großinquisitor, Der Spieler, Die Brüder KaramasowFjodor M. Dostojewski
61%
Mein Katalonien, Tage in Burma, Farm der TiereGeorge Orwell
59%
Emma, Lady Susan, Verstand und GefühlJane Austen
57%
Meine Beichte, Die Kreutzersonate, Der Tod des Iwan IljitschLeo Tolstoi
57%
Laokoon, Die Juden, Minna von BarnhelmGotthold Ephraim Lessing
54%
Flug nach Arras, Der Flieger, Der kleine PrinzAntoine de Saint-Exupéry
46%
Einsame Menschen, Vor Sonnenaufgang, Bahnwärter ThielGerhart Hauptmann
44%
Cujo, Sie,CarrieStephen King
44%
Der letzte Tag eines Verurteilten, Der lachende Mann, Die ElendenVictor Hugo
41%
Paula, Das Geisterhaus, Geschichten der Eva LunaIsabel Allende
37%
Verblendung, Verdammnis, VergebungStieg Larsson
37%
Leichenblässe, Verwesung, Kalte AscheSimon Beckett
33%
Gespenster, Ein Volksfeind, Peer GyntHenrik Ibsen
31%
Zwei Herren aus Verona, Maß für Maß, Der SturmWilliam Shakespeare
31%
Die Familie Schroffenstein, Der Findling, Über das MarionettentheaterHeinrich von Kleist
30%
Ein Zimmer für sich allein, Die Wellen, OrlandoVirginia Woolf
24%
Schilf, Adler und Engel, Leere HerzenJuli Zeh
22%
Herztier, Der Mensch ist ein großer Fasan auf der Welt, AtemschaukelHerta Müller
20%
Die Glasmenagerie, Süßer Vogel Jugend, Endstation SehnsuchtTennessee Williams
17%
Die Insel der Abenteuer, Dolly sucht eine Freundin, Die Burg der AbenteuerEnid Blyton
15%
Das Seelenleben der Tiere, Das geheime Leben der Bäume, Das geheime Netzwerk der NaturPeter Wohlleben
15%
Tabu, Regen, Die Würde ist antastbarFerdinand von Schirach
13%
Valis, Der dunkle Schirm, Das Orakel vom BergePhilip K. Dick
11%
Hälfte des Lebens, An die Parzen, Der RheinFriedrich Hölderlin
9%
Ein Blick von der Brücke, Zwischenfall in Vichy, HexenjagdArthur Miller
6%
Die Büchse der Pandora, Franziska, ErdgeistFrank Wedekind
6%
Stopfkuchen, Der Hungerpastor, Das OdfeldWilhelm Raabe
6%
Wo wir stehen, Ein verheißendes Land, Hoffnung wagenBarack Obama
4%
Mattia Pascal, Sechs Personen suchen einen Autor, Novellen für ein JahrLuigi Pirandello
2%
Creeps, Das Herz eines Boxers, Gretchen 89ff.Lutz Hübner
2%
Afghanische Reise, Der Knacks, MomentumRoger Willemsen
2%
Juristen, Eine Liebe in Deutschland, Der StellvertreterRolf Hochhuth
2%

Verteilung der Resultate

Perzentil nach korrekt beantworteten Fragen

Anzahl Personen mit jedem Resultat

Ihre Resultats-Entwicklung

Sie haben dieses Quiz noch nicht gespielt